000
00264nam a22001097a 4500
082
_a
910
100
_a
Sharma,Vivek
_9
81960
245
_a
NTA UGC NET/JRF/SET Paper-2 Geography
260
_a
Meerut UP
_b
Arihant Publication
_c
2023
650
_a
Geography
942
_c
BK
999
_c
66201
_d
66201